01257nam a2200373 i 450000500170000000700030001700800410002002000180006102000150007904000350009404100130012908400110014210000370015324500740019025000230026426400550028730000260034233600270036833700330039533800280042849000220045652100380047853400190051654500580053565000360059365000390062965000270066865000280069565000330072365100550075670000420081194200150085399900150086820220317002009.0ta201104t2019 ck ||||e |||| 00| f spa d a9789584278968 a9584278967 aCO-BoRNBPbspacCO-BoRNBPerda1 aspaheng aN PAC91 aPachico, Julianned1985-eautor 14aLos afortunadoscJulianne Pachico ; traducción de Camilo Jaramillo  aPrimera edición  1aBogotá bPlaneta colombiana bSeix Barral c2019 a301 páginas c23 cm 2rdacontentatextobtxt 2rdamediaasin mediaciónbn 2rdacarrieravolumenbnc0 aBiblioteca breve  aRecomendado para público adulto tThe lucky ones aIncluye datos biográficos de la autora en la solapa172LEMBaNovela inglesa ySiglo XX172LEMBaLiteratura inglesaySiglo XX172LEMBaAutores ingleses172LEMBaViolenciavNovela172LEMBaVida cotidianavNovela 4aColombiaxVida social y costumbresvNovela91563921 aJaramillo, Camiloetraductor 9156393 2loccBKLIT c8835d8835